New housing production in Boston.

Saved in:
நூற்பட்டியல் விவரங்கள்
குழும எழுத்தாளர்: Boston Redevelopment Authority.
வடிவம்: புத்தகம்
மொழி:English
வெளியீடப்பட்டது: Boston, MA : Boston Redevelopment Authority, Research and Planning Departments, 1974.
பகுதிகள்:
குறியீடுகள்: குறிச்சொல் இணை
குறியீடுகள் இல்லை, இந்த குறிச்சொல்லை முதலில் பதிவு செய்யுங்கள்!
LEADER 00710nam a2200229Ia 4500
001 002922357-1
005 20020606093309.7
008 891215s1974 mau s l000 0 eng d
035 0 |a ocm20789427 
040 |a BOS  |c BOS  |d FLL 
043 |a n-us-ma 
090 |a HD7304.B7  |b N4 1974 
245 0 0 |a New housing production in Boston. 
260 |a Boston, MA :  |b Boston Redevelopment Authority, Research and Planning Departments,  |c 1974. 
300 |a [6] leaves ;  |c 28 cm. 
500 |a "May 1974." 
500 |a Cover title. 
650 0 |a Housing  |z Massachusetts  |z Boston. 
650 0 |a House construction  |z Massachusetts  |z Boston  |v Statistics. 
710 2 |a Boston Redevelopment Authority. 
988 |a 20020608 
906 |0 OCLC